We remember, we love, we grieve : mortuary and memorial practice in contemporary Russia /

Bibliographic Details
Main Authors: Warner, Elizabeth, 1940- (Author), Adonʹeva, S. B. (Author)
Corporate Author: JSTOR (Organization)
Format: eBook
Language:English
Published: Madison, Wisconsin : The University of Wisconsin Press, [2021]
Subjects:
Online Access:Connect to the full text of this electronic book

MARC

Tag First Indicator Second Indicator Subfields
LEADER 00000cam a22000001i 4500
001 in00004412721
005 20210728154609.0
006 m |o d |
007 cr |n|||||||||
008 210209t20212021wiu ob 001 0 eng d
020 |a 9780299330736 (electronic bk.) 
020 |a 0299330737 (electronic bk.) 
020 |z 9780299330705 
020 |z 0299330702 
024 8 |a 40030458533 
035 |a (NhCcYBP)ybp301921657 
040 |a NhCcYBP  |c NhCcYBP  |d UtOrBLW 
043 |a e-ru--- 
050 4 |a GT3256.2.A2  |b W37 2021 
082 0 4 |a 393/.90947  |2 23 
100 1 |a Warner, Elizabeth,  |d 1940-  |e author.  |0 http://id.loc.gov/authorities/names/n85092205 
245 1 0 |a We remember, we love, we grieve :  |b mortuary and memorial practice in contemporary Russia /  |c Elizabeth Warner, Svetlana Adonyeva. 
264 1 |a Madison, Wisconsin :  |b The University of Wisconsin Press,  |c [2021] 
264 4 |c ©2021 
300 |a 1 online resource. 
336 |a text  |b txt  |2 rdacontent 
337 |a computer  |b c  |2 rdamedia 
338 |a online resource  |b cr  |2 rdacarrier 
504 |a Includes bibliographical references and index. 
505 0 |a Beliefs about the soul, the living dead, and the afterlife in contemporary, rural North Russia -- Ritual feeding and the cult of ancestors -- The lament: a language for communicating with the dead -- The cross, the birch, and the Kawasaki motorbike: the visual rhetoric of Russian rural cemeteries in the twentieth and twenty-first centuries -- The Russian Semik-Troitsa (Trinity) ritual complex: a deconstruction of the public and private faces of ritual, or "A festival of life and death" -- The story of the eternal flame: ritual memorial sites of the Soviet era. 
588 |a Description based on print version record. 
500 |a Electronic resource. 
650 0 |a Funeral rites and ceremonies  |z Russia (Federation) 
650 0 |a Memorial rites and ceremonies  |z Russia (Federation) 
650 0 |a Mourning customs  |z Russia (Federation) 
650 0 |a Death  |x Social aspects  |z Russia (Federation) 
655 7 |a Electronic books.  |2 local 
700 1 |a Adonʹeva, S. B.,  |e author.  |0 http://id.loc.gov/authorities/names/no95055204 
710 2 |a JSTOR (Organization)  |0 http://id.loc.gov/authorities/names/no97001983 
776 1 8 |c Original  |z 9780299330705  |z 0299330702  |w (DLC) 2020017013 
856 4 0 |u http://proxy.library.tamu.edu/login?url=https://www.jstor.org/stable/10.2307/j.ctv1g245zd  |z Connect to the full text of this electronic book  |t 0 
945 |b 850097 
955 |a YBP purchased approval e-records 
980 |b 149.93  |g 1 
999 f f |s 9013dee5-e693-329f-990e-bfa6864b8495  |i 6c4f0729-e6e0-3d43-abee-77e0e4a8353e  |t 0 
952 f f |a Texas A&M University  |b College Station  |c Electronic Resources  |d Available Online  |t 0  |e GT3256.2.A2 W37 2021  |h Library of Congress classification 
998 f f |a GT3256.2.A2 W37 2021  |t 0  |l Available Online